00465nam a2200193 a 4500001001300000003000900013005001700022008004100039020001000080082001800090100001700108245001600125260004400141300000800185500003500193505001000228650001600238700001700254nice12345678IN_TiNIC20260116011517.0050524s1925 bera grp 000 0 ger  ac10000a297.0072bUUE aUuer, Grethe aIbn Khaldun aBerlin & LeipzigbDeutfche Berlgsc1925 a96p aincludes index and biblioraphy2 aIndex aIbn-Khaldun1 aUuer, Grethe